00728aas a2200205 4500952009000000999001700090001001000107003001000117005001700127008004100144022001400185040004100199041000800240245005600248300004500304520008300349650001300432773006900445942000800514 001040708HEMaFUSBCbFUSBCd2016-01-26l0o r2016-01-26 00:00:00w2016-01-26yANA c63510d63510768714001CO-MdFUSB20171026171640.0171026s2010 ck ||||| |||| 00| 0 spa d a2145-8197 aCO-MdFUSBbspacCO-MdFUSBdCO-MdFUSB aspa 4aPor primera vez se clona un mamíferoc/ El Tiempo aNúmero 9 (2010), página 36c: 28 cm.1 aNace la oveja Dolly de la célula obtenida de otro ejemplar de su misma raza.14aHISTORIA0 tdk100049432959930gNúmero 9 (2010), página 36qPágina 36 cANA